| 000 | 00714nam a2200229Ia 4500 | ||
|---|---|---|---|
| 005 | 20240502104041.0 | ||
| 008 | 131103s9999 xx 000 0 und d | ||
| 020 |
_a521648378 _cRs.1190 |
||
| 040 | _aLoreto College | ||
| 041 | _aEnglish | ||
| 082 |
_a428 _bCEL |
||
| 100 | _aCelce - Murcia,Marianne | ||
| 245 |
_aDiscourse and contexting language teaching _cMarianne - Celce - Murcia and Elite Olshtain |
||
| 260 |
_aCambridge _bCambridge University Press _c2000 |
||
| 300 | _aviii,279 p. | ||
| 504 | _aIncludes bibliographical references and index | ||
| 650 | _aLanguage and Languages - Study and Teaching | ||
| 651 | _aDiscourse Analysis | ||
| 700 | _aOlshtain,Elite | ||
| 850 | _aLCLIB | ||
| 942 | _cBK | ||
| 999 |
_c6078 _d56557 |
||